Zákon o organizácii činnosti vlády a organizácii ústrednej štátnej správy komentár
Salvato in:
| Autore principale: | |
|---|---|
| Altri autori: | |
| Natura: | Libro |
| Lingua: | slovacco |
| Pubblicazione: |
Bratislava
Wolters Kluwer
2025
|
| Edizione: | 1. vydanie |
| Soggetti: | |
| Tags: |
Nessun Tag, puoi essere il primo ad aggiungerne!!
|
MARC
| LEADER | 00000nam a2200000 4500 | ||
|---|---|---|---|
| 001 | 0310721 | ||
| 005 | 20250619091714.7 | ||
| 020 | |a 978-80-571-0745-3 | ||
| 041 | 0 | |a slo | |
| 044 | |a SK | ||
| 245 | 1 | 0 | |a Zákon o organizácii činnosti vlády a organizácii ústrednej štátnej správy |b komentár |c Boris Balog, Zuzana Gálisová |
| 250 | |a 1. vydanie | ||
| 264 | 1 | |a Bratislava |b Wolters Kluwer |c 2025 | |
| 300 | |a 204 s. | ||
| 610 | 2 | 0 | |a štát právny |
| 610 | 2 | 0 | |a právo štátne |
| 610 | 2 | 0 | |a štát |
| 610 | 2 | 0 | |a vláda |
| 610 | 2 | 0 | |a ministerstvá |
| 610 | 2 | 0 | |a správa štátna |
| 610 | 2 | 0 | |a orgány štátne |
| 100 | 1 | |a Balog, Boris | |
| 700 | 1 | |a Gálisová, Zuzana | |